Normal view
MARC view
- ELMA SUSAN EAPPEN
Entry Personal Name
001 - CONTROL NUMBER
- control field: 7933
003 - CONTROL NUMBER IDENTIFIER
- control field: OSt
005 - DATE AND TIME OF LATEST TRANSACTION
- control field: 20260311125605.0
008 - FIXED-LENGTH DATA ELEMENTS
- fixed length control field: 260311|| aca||aabn | a|a d
040 ## - CATALOGING SOURCE
- Original cataloging agency: OSt
- Transcribing agency: OSt
100 ## - HEADING--PERSONAL NAME
- Personal name: ELMA SUSAN EAPPEN
670 ## - SOURCE DATA FOUND
- Source citation: Work cat.: (OSt)19633: LAKSHMI KP 7932, PERFORMANCE EVALUATION OF DRIP IRRIGATION IN PADDY CULTIVATION, 2025
